ABC of Electrical Engineering / (Record no. 189447)

000 -LEADER
fixed length control field 01180 a2200169 4500
003 - CONTROL NUMBER IDENTIFIER
control field Nust
005 - DATE AND TIME OF LATEST TRANSACTION
control field 20221216083347.0
040 ## - CATALOGING SOURCE
Transcribing agency Nust
082 ## - DEWEY DECIMAL CLASSIFICATION NUMBER
Classification number 621.38,THE
100 ## - MAIN ENTRY--PERSONAL NAME
Personal name B.L. Theraja
9 (RLIN) 13416
245 ## - TITLE STATEMENT
Title ABC of Electrical Engineering /
Statement of responsibility, etc. B.L. Theraja & A.K. Theraja
260 ## - PUBLICATION, DISTRIBUTION, ETC.
Place of publication, distribution, etc. New Delhi
Name of publisher, distributor, etc. S. Chand & Company LTD.
Date of publication, distribution, etc. 2012
300 ## - PHYSICAL DESCRIPTION
Extent viii,435p.
505 ## - FORMATTED CONTENTS NOTE
Formatted contents note Electronic Current and Resistance (Page-1), DC Network Theorems (Page-21), Electrostatics and Capacitors (Page-66), Magnetism and Magnetic Circuit (Page-84), AC Fundamentals (Page-125), Complex Algebra (Page-158), AC Series Circuits (Page-173), Parallel AC Circuits (Page-206), Poly phase Systems (Page-228), Electrical Instruments and Measurements (Page-268), DC Generator (Page-283), DC Motor (Page-311), Single –Phase Transformers (Page-335), Three-Phase Induction Motor (Page-364), Single-Phase Induction Motor (Page-385), Synchronous Generator (Page-393), Synchronous Motor (Page-403), Electric Power Generator (Page-412), Transmission and Distribution of Electric Power (Page-421), Economics of Power Generation and Tariffs (Page-426).
650 ## - SUBJECT ADDED ENTRY--TOPICAL TERM
Topical term or geographic name entry element Telecommunication Engineering
942 ## - ADDED ENTRY ELEMENTS (KOHA)
Source of classification or shelving scheme
Koha item type Book
Holdings
Withdrawn status Lost status Source of classification or shelving scheme Damaged status Not for loan Permanent Location Current Location Shelving location Date acquired Total Checkouts Full call number Barcode Date last seen Date last checked out Price effective from Koha item type Public note
          Military College of Signals (MCS) Military College of Signals (MCS) General Stacks 12/12/2016 1 621.38,THE MCS35101 12/15/2022 11/07/2022 12/12/2016 Book Almirah No.30, Shelf No.5
© 2023 Central Library, National University of Sciences and Technology. All Rights Reserved.